1228 1808 1087 1031 1977 1721 1218 1044 1085 1726 1927 1695 1400 1315 1500 1683 1017 1662 1156 1385 1136 1065 1908 1727 1445 1632 1297 1023 1964 1821 1711 1191 1995 1834 1547 1284 1324 1039 1461 1225 1217 1277 1183 1212 1640 1611 1536 1078 1656 1682 1130 1887 1317 1687 1691 1685 1770 1424 1263 1099 1669 1253 1512 1736 1244 1370 1385 1830 1183 1481 1430 1783 1127 1151 1843 1294 1962 1716 1880 1642 1870 1498 1269 1957 1846 1327 1603 1474 1317 1121 1877 1670 1963 1313 1838 1966 1967 1962 1793 BCNSPRNW ULIB Ver.6.0+V

เปลี่ยนเป็นภาษาไทย

Change to English
 แสดงรายละเอียดบรรณานุกรม
  กลับหน้าหลัก

Brief Record : Get Marc (ISO 2709) : E-mail record : QR code < ปิดหน้าต่าง
LEADER : 00000nam 2200000uu 4500
001    13399123570
003     ULIB
008    141010s2550||||th 000 0 tha d
020    9789748072784
099    นว^bส988บ
100 0  โสภี พรรณราย
245 00 บุษบาเร่รัก^c โสภี พรรณราย
260    กรุงเทพ :^bbeauty,^c2550
945    ^p260^l0^i021033
999    ^aเกษร โพธิ์สุวรรณ
รายการนี้ยังไม่มีแท็ก
คุณยังไม่ได้ล็อกอิน คุณสามารถมีกิจกรรมร่วมกับเว็บไซต์ได้ แต่ต้องล็อกอินก่อน ::
  ล็อกอิน

รายการสื่อสารสนเทศ

ลำดับที่ ประเภท เลขเรียก/บาร์โค้ด สถานที่ สถานะ
1. นวนิยาย
นวนิยาย
นว ส988บ ฉ.1 
  Barcode: 021033
ห้องสมุดวิทยาเขตสวรรค์ประชารักษ์
►นวนิยาย
บนชั้น
  ขอยืม

รายการใกล้เคียง
    ผู้แต่ง [โสภี พรรณราย]

BibComment


ยังไม่เคยถูกคอมเมนท์

คอมเมนท์ทรัพยากรรายการนี้
  คอมเมนท์: บุษบาเร่รัก โสภี..


 Copyright 2026. Bcnsprnw @Library